000 00550nam a2200181Ia 4500
005 20250508162949.0
008 008 250505s9999 xx 000 0 eng d
037 _aTextual
040 _aFEDL
_beng
_cFEDL
041 _aeng
_2eng
084 _a370.7, UNE
_qFEDL
245 0 _aMinicourse apprach : What it is and how it works
260 _aBangkok, Thailand
_bUNESCO Regional Office for Education in Asia and the Pacific
_c1982
300 _a55p.
650 _aEducation
942 _cTEXL
_h370.7, UNE
999 _c1379668
_d1379668